| 000 | 00604nam a2200205 i 4500 | ||
|---|---|---|---|
| 001 | 96103 | ||
| 003 | ES-MaACL | ||
| 005 | 20230906181836.0 | ||
| 007 | t| | ||
| 008 | 050610s1969 mx ||||1| spa d | ||
| 080 | _a32(72)"1876/1911":091 | ||
| 080 | _a929 Madero, Francisco I. | ||
| 100 | 1 |
_aMadero, Francisco I. _975316 |
|
| 245 | 1 | 3 |
_aLa sucesión presidencial en 1910 / _cpor Francisco I. Madero. |
| 250 | _a3ª ed. | ||
| 260 |
_aMéxico : _bEditora Nacional, _c1969. |
||
| 300 |
_a398 p. ; _c17 cm. |
||
| 651 | 4 |
_aMéxico- _xHistoria- _y1867-1910. _9151494 |
|
| 852 |
_aES-MaACL _jE-9341 _bR.93618 |
||
| 999 |
_c96103 _d96103 |
||